Los factores de control en el desarrollo económico / (Registro nro. 8799)

Detalles MARC
000 -LEADER
fixed length control field 00964nam a2200253Ia 4500
003 - CONTROL NUMBER IDENTIFIER
control field OSt
005 - DATE AND TIME OF LATEST TRANSACTION
control field 20211119133043.0
008 - FIXED-LENGTH DATA ELEMENTS--GENERAL INFORMATION
fixed length control field 210310s1953 sp fr 001 0 spa d
040 ## - CATALOGING SOURCE
Original cataloging agency CO-JMCR
Transcribing agency CO-JMCR
041 1# - LANGUAGE CODE
Language code of text/sound track or separate title spa
Language code of original eng
082 04 - DEWEY DECIMAL CLASSIFICATION NUMBER
Classification number 338.9009 /
Item number M927f
Edition number 23
100 1# - MAIN ENTRY--PERSONAL NAME
Personal name Moulton, Harold G.,
9 (RLIN) 18320
Relator term autor
245 14 - TITLE STATEMENT
Title Los factores de control en el desarrollo económico /
Statement of responsibility, etc. Harold G. Moulton ; traducción del inglés por Erneso Schop
260 ## - PUBLICATION, DISTRIBUTION, ETC.
Place of publication, distribution, etc. Barcelona :
Name of publisher, distributor, etc. Bosch,
Date of publication, distribution, etc. 1953
300 ## - PHYSICAL DESCRIPTION
Extent 377 páginas ;
Dimensions 23 cm.
500 ## - GENERAL NOTE
General note Incluye notas a pie de página e índice de autores y de materias.<br/>Título original: Controlling factors in economic development
505 0# - FORMATTED CONTENTS NOTE
Formatted contents note Mirando al pasado -- Mirando al porvenir
546 ## - LANGUAGE NOTE
Language note Traducido del inglés.
650 14 - SUBJECT ADDED ENTRY--TOPICAL TERM
Topical term or geographic name entry element Crecimiento económico
9 (RLIN) 18322
650 24 - SUBJECT ADDED ENTRY--TOPICAL TERM
Topical term or geographic name entry element Política económica
9 (RLIN) 41620
650 24 - SUBJECT ADDED ENTRY--TOPICAL TERM
Topical term or geographic name entry element Ciclos económicos
9 (RLIN) 41621
700 1# - ADDED ENTRY--PERSONAL NAME
Personal name Schop, Erneso,
Relator term traductor
9 (RLIN) 41609
942 ## - ADDED ENTRY ELEMENTS (KOHA)
Source of classification or shelving scheme Dewey Decimal Classification
Koha item type Books
Existencias
Withdrawn status Lost status Source of classification or shelving scheme Damaged status Not for loan Collection code Home library Current library Date acquired Source of acquisition Full call number Barcode Date last seen Copy number Koha item type
    Dewey Decimal Classification     Non-fiction Biblioteca Pública José María del Castillo y Rada Biblioteca Pública José María del Castillo y Rada 04/15/2018 Donación 338.9009 / M927f 430004924 05/16/2024 Ej.1 Books